| 000 | 00731nam a2200301Ia 4500 | ||
|---|---|---|---|
| 003 | OSt | ||
| 005 | 20140320084047.0 | ||
| 008 | 140130s9999 xx 000 0 und d | ||
| 020 | _a9780590907415 | ||
| 050 |
_aPZ 7 _b.L5884Bu 1992 |
||
| 100 | _aLewison, Wendy Cheyette. | ||
| 245 |
_cWendy Cheyette Lewison. _aBuzz said the bee / |
||
| 260 |
_bScholastic Inc., _cc1992. _aUSA : |
||
| 300 |
_a40 p. : _bcol. ill. ; _c23 cm. |
||
| 440 | _v1 | ||
| 521 | _aG2 | ||
| 526 | _c410 | ||
| 650 |
_aAnimal sounds _xFiction. |
||
| 650 | _aStories in rhyme. | ||
| 942 |
_cBK _2lcc |
||
| 999 |
_c42126 _d42126 |
||